Word Ladder: Magical Movie Moment Quiz Stats

 Plays Quiz Updated Dec 18, 2012

Support Sporcle.
Go Orange.
Score 0/15 Timer 02:00
2 Plays Today
Hint 5-Letter Word % Correct
Famed wizard Potter• HARRY •
98.6%
Mr. McFly, e.g.MARTY
92.1%
Becomes liquidMELTS
91.9%
ShindigPARTY
91.7%
Purple root veggiesBEETS
90.5%
Becomes acquainted with♥ MEETS ♥
90.3%
Straps to hold up trousersBELTS
89.6%
Fencing maneuverPARRY
88.1%
Hint 5-Letter Word % Correct
MilkshakesMALTS
87.8%
ChimesBELLS
87.8%
Shops or storesMARTS
85%
StomachBELLY
84.4%
The boob tube to a BritTELLY
84.2%
Running totalTALLY
80.3%
Charlie Brown's sister• SALLY •
79.1%

Today's Daily Dose

Missing Word
Inventors

Word Ladder
Feud Chain

Get the Picture
Domestic Movie Titles

From the Vault

'R' Movies by Picture

by sweett310

Movies 6m
You just have to ask yourself, what are Blackbeard's favorite kind of movies?
Remove Ads.
Support Sporcle.
Get the best of Sporcle when you Go Orange. This ad-free experience offers more features, more stats, and more fun while also helping to support Sporcle. Thank you for becoming a member.

Show Comments

Extras

Top Quizzes Today


Score Distribution

Your Account Isn't Verified!

In order to create a playlist on Sporcle, you need to verify the email address you used during registration. Go to your Sporcle Settings to finish the process.

Report this User

Report this user for behavior that violates our Community Guidelines.

Details: